000 00692nam a2200217 a 4500
001 57062
003 BD-RjUL
005 20211209080450.0
008 161205s1969 pk 000 0 eng
035 _a(BD-RjUL)57186
040 _aLC
_beng
_cLC
_dBD-RjUL
041 _aeng
082 0 0 _a327.73056
_223
_bDEA 1963
100 1 _aDeNovo, John A.
_9169526
245 1 0 _aAmerican interests and policies in the Middle East, 1900-1939 /
_cJohn A DeNovo
260 _aMinneapolis :
_bUniversity of Minnesota Press
_c1963
300 _axii, 447 p. ;
_c24 cm.
504 _aIncludes Bibliographical References and Index
651 _aUnited States
_zMiddle East
_xRelations
_9173020
942 _2ddc
_cBK
999 _c57062
_d57062